Lectura y escritura: educación pre-escolar 5 años

Salvato in:
Dettagli Bibliografici
Autore principale: Rojas Larrañaga, María Isabel (Autore)
Natura: Libro
Lingua:spagnolo
Pubblicazione: Santiago Edebé 1998
Soggetti:
Tags: Aggiungi Tag
Nessun Tag, puoi essere il primo ad aggiungerne!!

MARC

LEADER 00000nam a2200000 a 4500
001 UCH0153
003 CL-VaPUC
008 090108e19980000CL |||||||||||||||||spa|d
020 |a 9561804026v.1 
020 |a 9561804034v.2 
020 |a 9561804042v.3 
020 |a 9561804050v.4 
020 |a 9561804069v.5 
020 |a 9561804077v.6 
020 |a 9561804085v.7 
020 |a 9561804093v.8 
082 0 4 |a 372.21  |b ROJ  |2 21 
100 0 |a Rojas Larrañaga, María Isabel  |e author  |9 534274 
245 1 0 |a Lectura y escritura: educación pre-escolar 5 años 
300 |a 47 p 
942 |c BK 
945 |d 20090108 00:00:00  |a jtorresc 
260 |a Santiago  |b Edebé  |c 1998 
500 |a v.1: Trazos y grafismos 
500 |a v.2: Lectura y escritura de los fonemas. Grafismos. Grafías. Completación de palabras. Lectura de imágenes. Comprensión lectora 
500 |a v.3: Lectura y escritura de los fonemas. Grafismos. Grafías. Completación de palabras. Lectura de imágenes. Comprensión lectora 
500 |a v.4: Lectura y escritura de fonemas. Grafismos. Grafías. Completación de palabras. Lectura de imágenes. Comprensión lectora 
500 |a v.5: Lectura de fonemas. Grafismo. Grafías. Lectura de imágenes. Comprensión lectora. Reproducción de texto 
500 |a v.6: Lectura y escritura de los fonemas. Grafismos. Grafías. Comprensión lectora. Manipulación de textos 
500 |a v.7: Lectura y escritura de fonemas. Grafismos. Grafías. Comprensión lectora. Manipulación de textos 
500 |a v.8: Lectura y escritura de fonemas. Grafismos. Grafías. Comprensión Lectora. Manipulación y realización de textos 
650 0 |a Educación preescolar  |9 260381 
583 |a last modification  |c 20130104 09:08:45  |k Rodrigo Vera 
999 |c 332522  |d 332520 
952 |0 0  |1 0  |4 0  |6 372_210000000000000_ROJ_1998  |7 0  |8 A  |9 420302  |a BIBEDU  |b BIBEDU  |d 2019-11-22  |h v.1  |i 4511328  |o 372.21 ROJ 1998  |p 4511328  |r 2019-11-22  |w 2019-11-22  |y BK  |k PAR 
952 |0 0  |1 0  |4 0  |6 372_210000000000000_ROJ_1998  |7 0  |8 A  |9 420303  |a BIBEDU  |b BIBEDU  |d 2019-11-22  |h v.2  |i 4511336  |o 372.21 ROJ 1998  |p 4511336  |r 2019-11-22  |w 2019-11-22  |y BK  |k PAR 
952 |0 0  |1 0  |4 0  |6 372_210000000000000_ROJ_1998  |7 0  |8 A  |9 420304  |a BIBEDU  |b BIBEDU  |d 2019-11-22  |h v.3  |i 4511344  |o 372.21 ROJ 1998  |p 4511344  |r 2019-11-22  |w 2019-11-22  |y BK  |k PAR 
952 |0 0  |1 0  |4 0  |6 372_210000000000000_ROJ_1998  |7 0  |8 A  |9 420305  |a BIBEDU  |b BIBEDU  |d 2019-11-22  |h v.4  |i 4511352  |o 372.21 ROJ 1998  |p 4511352  |r 2019-11-22  |w 2019-11-22  |y BK  |k PAR 
952 |0 0  |1 0  |4 0  |6 372_210000000000000_ROJ_1998  |7 0  |8 A  |9 420306  |a BIBEDU  |b BIBEDU  |d 2019-11-22  |h v.5  |i 4511360  |o 372.21 ROJ 1998  |p 4511360  |r 2019-11-22  |w 2019-11-22  |y BK  |k PAR 
952 |0 0  |1 0  |4 0  |6 372_210000000000000_ROJ_1998  |7 0  |8 A  |9 420307  |a BIBEDU  |b BIBEDU  |d 2019-11-22  |h v.6  |i 4511379  |o 372.21 ROJ 1998  |p 4511379  |r 2019-11-22  |w 2019-11-22  |y BK  |k PAR 
952 |0 0  |1 0  |4 0  |6 372_210000000000000_ROJ_1998  |7 0  |8 A  |9 420308  |a BIBEDU  |b BIBEDU  |d 2019-11-22  |h v.7  |i 4511387  |o 372.21 ROJ 1998  |p 4511387  |r 2019-11-22  |w 2019-11-22  |y BK  |k PAR 
952 |0 0  |1 0  |4 0  |6 372_210000000000000_ROJ_1998  |7 0  |8 A  |9 420309  |a BIBEDU  |b BIBEDU  |d 2019-11-22  |h v.8  |i 4511395  |o 372.21 ROJ 1998  |p 4511395  |r 2019-11-22  |w 2019-11-22  |y BK  |k PAR